|
|
|
|
| LEADER |
01389nam a2200277 a 4500 |
| 001 |
2785702 |
| 008 |
100428s1979 bg bs 100 0 eng d |
| 999 |
|
|
|c 8290
|d 8290
|
| 010 |
|
|
|a 80900137
|
| 040 |
|
|
|a DLC
|c DLC
|d DLC
|d BD-DhAAL
|
| 082 |
0 |
0 |
|a 305.420954
|2 19
|
| 245 |
0 |
0 |
|a Women and development :
|b perspectives from South and Southeast Asia /
|c edited by Rounaq Jahan and Hanna Papanek.
|
| 260 |
|
|
|a Dacca :
|b Bangladesh Institute of Law and International Affairs : distributed by Karim International,
|c 1979.
|
| 300 |
|
|
|a xi, 439 p. ;
|c 22 cm.
|
| 504 |
|
|
|a Includes bibliographical references.
|
| 541 |
1 |
|
|e 00001568
|
| 650 |
|
0 |
|a Women in economic development
|z South Asia
|v Congresses.
|9 31404
|
| 650 |
|
0 |
|a Women in economic development
|z Southeast Asia
|v Congresses.
|9 31405
|
| 650 |
|
0 |
|a Economic development
|x Social aspects
|v Congresses.
|9 31406
|
| 700 |
1 |
|
|a Jahan, Rounaq.
|9 31407
|
| 700 |
1 |
|
|a Papanek, Hanna.
|9 31408
|
| 710 |
2 |
|
|a Bangladesh Institute of Law and International Affairs.
|9 31409
|
| 852 |
4 |
|
|a Ayesha Abed Library
|j General shelf
|
| 942 |
|
|
|2 ddc
|c BK
|
| 952 |
|
|
|0 0
|1 0
|2 ddc
|4 0
|6 305_420954000000000_WOM_1979
|7 0
|9 9533
|a BRACUL
|b BRACUL
|c GEN
|d 2010-04-28
|g 100.00
|l 0
|o 305.420954 WOM
|p 3010001568
|r 2010-04-28
|t 1
|w 2010-04-28
|y BK
|
| 952 |
|
|
|0 0
|1 0
|2 ddc
|4 0
|6 305_400000000000000_2_0954_WOM
|7 0
|9 56294
|a SCL
|b SCL
|c GEN
|d 2015-10-13
|l 0
|o 305.420954 WOM
|p 3020000680
|r 2015-10-13
|t 2
|w 2015-10-13
|y BK
|